<?xml version="1.0" encoding="UTF-8"?>
<record
    xmlns:xsi="http://www.w3.org/2001/XMLSchema-instance"
    xsi:schemaLocation="http://www.loc.gov/MARC21/slim http://www.loc.gov/standards/marcxml/schema/MARC21slim.xsd"
    xmlns="http://www.loc.gov/MARC21/slim">

  <leader>00756naa a2200193 i 4500</leader>
  <controlfield tag="001">10120</controlfield>
  <controlfield tag="003">KOSZ 005</controlfield>
  <controlfield tag="005">20180416131222.0</controlfield>
  <controlfield tag="008">051124s2004    pl a   f f   |000 0 pol</controlfield>
  <datafield tag="015" ind1=" " ind2=" ">
    <subfield code="a">PB 2005/20081</subfield>
  </datafield>
  <datafield tag="040" ind1=" " ind2=" ">
    <subfield code="a">WA N</subfield>
    <subfield code="c">BPK</subfield>
    <subfield code="d">KOSZ 005/EG</subfield>
  </datafield>
  <datafield tag="080" ind1=" " ind2=" ">
    <subfield code="a">339.138</subfield>
  </datafield>
  <datafield tag="080" ind1=" " ind2=" ">
    <subfield code="a">(075.8)</subfield>
  </datafield>
  <datafield tag="100" ind1="1" ind2=" ">
    <subfield code="a">DYCZKOWSKA, Joanna.</subfield>
    <subfield code="b">Politechnika Koszali&#x144;ska - Instytut Ekonomii i Zarz&#x105;dzania,</subfield>
    <subfield code="c">Zak&#x142;ad Marketingu</subfield>
    <subfield code="d">1996 - .</subfield>
  </datafield>
  <datafield tag="245" ind1="1" ind2="0">
    <subfield code="a">Dystrybucja towar&#xF3;w jako element marketingu /</subfield>
    <subfield code="c">Joanna Dyczkowska.</subfield>
  </datafield>
  <datafield tag="650" ind1=" " ind2="0">
    <subfield code="a">Badania marketingowe.</subfield>
  </datafield>
  <datafield tag="773" ind1="0" ind2=" ">
    <subfield code="i">W :</subfield>
    <subfield code="t">Marketing w zarysie : praca zbiorowa / pod red. nauk. W&#x142;odzimierza Delugi. -</subfield>
    <subfield code="d">Koszalin : Wydaw. Uczelniane Politechniki Koszali&#x144;skiej, 2004. -</subfield>
    <subfield code="g">s. 127-150</subfield>
  </datafield>
  <datafield tag="942" ind1=" " ind2=" ">
    <subfield code="2">UKD</subfield>
    <subfield code="c">ROZ</subfield>
  </datafield>
  <datafield tag="999" ind1=" " ind2=" ">
    <subfield code="c">10120</subfield>
    <subfield code="d">10120</subfield>
  </datafield>
</record>
